Hacia los censos latinoamericanos de los años ochenta
Guardado en:
| Institution som forfatter: | |
|---|---|
| Format: | Texto |
| Udgivet: |
Santiago de Chile:
CEPAL
|
| Tags: |
Tilføj Tag
Ingen Tags, Vær først til at tagge denne postø!
|
MARC
| LEADER | 00000 a a2200000 04500 | ||
|---|---|---|---|
| 001 | 24907 | ||
| 003 | |||
| 040 | |||
| 090 | |a 178300 | ||
| 110 | |a Naciones Unidas | ||
| 245 | |a Hacia los censos latinoamericanos de los años ochenta | ||
| 260 | |a Santiago de Chile: |b CEPAL | ||
| 300 | |a 132 p. | ||
| 999 | |c 11842 |d 11842 | ||
